书目信息 |
| 题名: |
冲击应力波检测技术研究
|
|
| 作者: | 吴兆军 , 吴婧姝 , 张心斌 著 | |
| 分册: | ||
| 出版信息: | 北京 中国建材工业出版社 2014.10 |
|
| 页数: | 112页 | |
| 开本: | 24cm | |
| 丛书名: | ||
| 单 册: | ||
| 中图分类: | O347.4 | |
| 科图分类: | ||
| 主题词: | 撞击应力--zhuang ji ying li--应力波--检测--研究 | |
| 电子资源: | ||
| ISBN: | 978-7-5160-0947-5 | |
| 000 | 00971nam0 2200265 450 | |
| 001 | CAL 0120141454878 | |
| 005 | 20150826165743.35 | |
| 010 | @a978-7-5160-0947-5@dCNY45.80 | |
| 100 | @a20141225d2014 em y0chiy50 ea | |
| 101 | 0 | @achi |
| 102 | @aCN@b110000 | |
| 105 | @aak z 000yy | |
| 106 | @ar | |
| 200 | 1 | @a冲击应力波检测技术研究@Achong ji ying li bo jian ce ji shu yan jiu@f张心斌, 吴兆军, 吴婧姝著 |
| 210 | @a北京@c中国建材工业出版社@d2014.10 | |
| 215 | @a112页@c图@d24cm | |
| 330 | @a本书全面介绍了冲击应力波在无损检测领域的应用, 主要内容包括: 应力波基本原理、傅里叶变换、数字信号处理快速傅里叶变换、采样定理与离散信号、冲击应力检测仪介绍、S-1冲击应力检测仪。 | |
| 586 | @a | |
| 606 | 0 | @a撞击应力@Azhuang ji ying li@x应力波@x检测@x研究 |
| 690 | @aO347.4@v5 | |
| 701 | 0 | @a吴兆军@Awu zhao jun@4著 |
| 701 | 0 | @a吴婧姝@Awu jing shu@4著 |
| 701 | 0 | @a张心斌@Azhang xin bin@4著 |
| 801 | 0 | @aCN@c20150820 |
| 905 | @a河南城建学院图书馆@dO347.4@eZ210@f3 | |
| 冲击应力波检测技术研究/张心斌, 吴兆军, 吴婧姝著.-北京:中国建材工业出版社,2014.10 |
| 112页:图;24cm |
| ISBN 978-7-5160-0947-5:CNY45.80 |
| 本书全面介绍了冲击应力波在无损检测领域的应用, 主要内容包括: 应力波基本原理、傅里叶变换、数字信号处理快速傅里叶变换、采样定理与离散信号、冲击应力检测仪介绍、S-1冲击应力检测仪。 |
| ● |
| 相关链接 |
|
|
|
正题名:冲击应力波检测技术研究
索取号:O347.4/Z210
 
预约/预借
| 序号 | 登录号 | 条形码 | 馆藏地/架位号 | 状态 | 备注 |
| 1 | 1233460 | 212334605 | 自科库401/401自科库 53排2列5层/ [索取号:O347.4/Z210] | 在馆 | |
| 2 | 1233461 | 212334614 | 自科库401/401自科库 53排2列5层/ [索取号:O347.4/Z210] | 在馆 | |
| 3 | 1233462 | 212334623 | 自科库401/401自科库 53排2列5层/ [索取号:O347.4/Z210] | 在馆 |